🚨 Red Map Quiz - Name North America Countries - Statistics

General Stats
  • This quiz has been taken 41 times
  • The average score is 22 of 23
Answers on the Map
Answers color-coded by a green-red scale on the quiz's map according to % correct below.
 
Answer Stats
Answer % Correct
Canada
100%
Cuba
100%
Mexico
100%
United States
100%
Belize
97%
Costa Rica
97%
Dominica
97%
Honduras
97%
Jamaica
97%
Nicaragua
97%
Panama
97%
St. Kitts and Nevis
97%
Antigua and Barbuda
94%
Bahamas
94%
Barbados
94%
Dominican Republic
94%
El Salvador
94%
Guatemala
94%
Haiti
94%
St. Lucia
94%
Trinidad and Tobago
94%
Grenada
91%
St. Vincent and theGrenadines
88%
No matching quizzes found
Score Distribution
Percent of People with Each Score
Percentile by Number Answered
Your Score History
You have not taken this quiz